000 00592nam a2200241Ia 4500
003 OSt
005 20221007071456.0
006 a|||||r|||| 00| 0
007 ta
008 221006b |||||||| |||| 00| 0 eng d
024 _a3,796
037 _cTextual
040 _aFLL
_cFLL
_beng
041 _2eng
_aeng
082 _aZ:5, K5;L3
100 _aSmith J.C.
245 0 _aCriminal law
250 _a3th
260 _aLondon
_bButterworths U.K.
_c1973
650 _aCriminal law
_9601958
942 _hZ:5, K5;L3
_cTEXL
_2CC
999 _c1143451
_d1143451